Bienvenue à la E-Bibliothèque de l’UEH

Bénéficiez l'accès à des milliers de ressources en ligne

L’Université populaire Quart Monde : (notice nᵒ 10330)

détails MARC
000 -LEADER
fixed length control field 01947 a2200313 4500
001 - CONTROL NUMBER
control field OB-pupo-2379
003 - CONTROL NUMBER IDENTIFIER
control field FrMaCLE
005 - DATE AND TIME OF LATEST TRANSACTION
control field 20251214082734.0
007 - PHYSICAL DESCRIPTION FIXED FIELD--GENERAL INFORMATION
fixed length control field cu ||||||m||||
008 - FIXED-LENGTH DATA ELEMENTS--GENERAL INFORMATION
fixed length control field 141217e||||||||xx |||||s|||||||||0|fr|d
020 ## - INTERNATIONAL STANDARD BOOK NUMBER
International Standard Book Number 978-2-8218-5099-6
024 7# - OTHER STANDARD IDENTIFIER
Standard number or code 10.4000/books.pupo.2379
Source of number or code doi
040 ## - CATALOGING SOURCE
Original cataloging agency FR-FrMaCLE
041 ## - LANGUAGE CODE
Language code of text/sound track or separate title fra
100 1# - MAIN ENTRY--PERSONAL NAME
Personal name Defraigne Tardieu, Geneviève
245 12 - TITLE STATEMENT
Title L’Université populaire Quart Monde :
Remainder of title La construction du savoir émancipatoire /
Statement of responsibility, etc. Geneviève Defraigne Tardieu.
260 ## - PUBLICATION, DISTRIBUTION, ETC.
Place of publication, distribution, etc. Nanterre :
Name of publisher, distributor, etc. Presses universitaires de Paris Nanterre,
Date of publication, distribution, etc. 2014.
300 ## - PHYSICAL DESCRIPTION
Extent 378 p.
500 ## - GENERAL NOTE
General note Ebook
520 ## - SUMMARY, ETC.
Summary, etc. Créée par Joseph Wresinski en 1972, et depuis constituée en réseau international, l’Université populaire Quart Monde s’inscrit dans la lignée des travaux de praticiens de l’émancipation tels Paulo Freire, Saül Alinsky et Danilo Dolci. Exclus de la société et citoyens soucieux de lutter contre la misère y élaborent ensemble des savoirs facteurs de changements sociaux. Le présent ouvrage s’articule autour d’un axe central : le rapport entre pouvoir, savoir et émancipation. Il interroge l’histoire, le projet, l’ingénierie, les principes de ce lieu où se construit un « penser ensemble », préalable indispensable à tout « vivre ensemble ». Les processus de construction du savoir et d’émancipation sont montrés dans leur émergence, en s’appuyant sur la réflexion et l’analyse des participants qui vivent dans la grande pauvreté.
540 ## - TERMS GOVERNING USE AND REPRODUCTION NOTE
Terms governing use and reproduction OpenEdition Books License
Uniform Resource Identifier <a href="https://www.openedition.org/12554">https://www.openedition.org/12554</a>
650 #4 - SUBJECT ADDED ENTRY--TOPICAL TERM
Topical term or geographic name entry element Education & Educational Research
Topical term or geographic name entry element Sociology & Anthropology
Topical term or geographic name entry element université populaire
Topical term or geographic name entry element émancipation
Topical term or geographic name entry element savoirs
776 ## - ADDITIONAL PHYSICAL FORM ENTRY
International Standard Book Number 978-2-84016-099-1
856 4# - ELECTRONIC LOCATION AND ACCESS
Data provenance Defraigne Tardieu, Geneviève
Uniform Resource Identifier <a href="https://books.openedition.org/pupo/2379">https://books.openedition.org/pupo/2379</a>
Link text L’Université populaire Quart Monde

Pas d'exemplaire disponible.

Bibliothèque universitaire de l'UEH
Portail centralisé donnant accès au catalogue, aux ressources numériques et aux productions scientifiques de l’Université d’État d’Haïti.

Plateformes institutionnelles

  • Dépôt institutionnel UEH
  • Revues scientifiques UEH
  • GED institutionnelle
  • UEH enseignement à distance

Contact

  • Adresse : 21 Rue Rivière, Port-au-Prince
  • Email : bibliotheque@ueh.edu.ht
  • Téléphone : +509 22-45-68-43 / 22-45-68-44
  • Heures : Lundi–Vendredi 8h–16h
© 2026 UEH – E-Bibliothèque de l’Université d’État d’Haïti | À propos | Confidentialité | Conditions | Mentions légales | Accessibilité | Plan du site | Contact